000 00668nam a2200277Ia 4500
005 20260324131851.0
008 008 260324s9999 xx 000 0 eng d
020 _a9780429133794
037 _aEBOOK
040 _aCRL
040 _beng
040 _cCRL
041 _2eng
041 _aeng
084 _qCRL
100 _aKenneth H. Lundstrom; Mark L. Chiu
_91187136
245 0 _aG Protein-Coupled Receptors in Drug Discovery
260 _bTaylor and Francis
260 _c2005
365 _a
365 _b400
856 _uhttp://www.taylorfrancis.com/books/9780429133794
942 _cEBOOK
999 _c1784684
_d1784684